000 00559nam a2200181 i 4500
001 bg
100 1 _aBańka, Augustyn
_d(1950- ).
245 0 _aPsychologiczne wyznaczniki metodologii analizy i projektowania systemów /
_cAugustyn Bańka.
260 _aPoznań :
_bWydaw. PP,
_c1984.
490 1 _aRozprawy / Politechnika Poznańska,
_x0551-6528 ;
_vnr 152
830 0 _aRozprawy (Politechnika Poznańska) ;
_vnr 152
040 _cBPK
041 _apol
080 _a62.001
080 _a159.9
942 _cKS
008 s pl f |000 0 pol
999 _c28006
_d28006
856 _uhttp://koha.tu.koszalin.pl/cgi-bin/koha/opac-detail.pl?biblionumber=28006
_yKatalog online BPK